| 000 | 02343nam a2200505 a 4500 | ||
|---|---|---|---|
| 001 | 2699 | ||
| 003 | FISKH | ||
| 005 | 20240110104527.0 | ||
| 008 | 971217s1997 nyua c b 001 0deng d | ||
| 010 | _a 98137434 | ||
| 020 | _a0590897497 (pbk.) : | ||
| 020 | _a078073003990 | ||
| 035 | _a(OCoLC)38103477 | ||
| 035 | _a3763-51460 | ||
| 040 |
_aOCo _cOCo _dO _dDLC _beng |
||
| 042 |
_alccopycat _alcac |
||
| 043 | _an-us--- | ||
| 050 | 0 | 0 |
_aHV9950 _b.S85 1997 |
| 082 | 0 | 0 |
_a364.1/0973 _221 |
| 100 | 1 |
_aSullivan, George, _d1927- |
|
| 245 | 1 | 0 |
_aNot guilty / _cGeorge Sullivan. |
| 260 |
_aNew York : _bScholastic, _c1997. |
||
| 300 |
_a148 pages : _billustrations ; _c20 cm. |
||
| 504 | _aIncludes bibliographical references (p. 139-141) and index. | ||
| 505 | 0 | _aA fight for justice -- Shoot-out at Pine Ridge -- The man who never died -- A nation's vengeance -- Incident at West Point. | |
| 520 | _aInnocent.. but found guilty. Peter Reilly was convicted of manslaughter. Leonard Peltier's ordeal inspired a movie. Joe Hill was executed for murder. Mary Surratt was put to death for her involvement in Abraham Lincoln's assassination. Johnson Chestnut Whittaker was expelled from West Point for a racist attack on himself. Each of these people was wrongly convicted of a serious crime. As a result they suffered...some even died. These historical cases sadly show that justice is not always served. | ||
| 600 | 1 | 0 |
_aReilly, Peter, _d1955- _xJuvenile literature. |
| 600 | 1 | 0 |
_aPeltier, Leonard _xJuvenile literature. |
| 600 | 1 | 0 |
_aHill, Joe, _d1879-1915 _xJuvenile literature. |
| 600 | 1 | 0 |
_aSurratt, Mary E. _q(Mary Eugenia), _d1820-1865 _xJuvenile literature. |
| 600 | 1 | 0 |
_aWhittaker, Johnson Chesnut, _d1858-1931 _xJuvenile literature. |
| 600 | 1 | 1 |
_aReilly, Peter, _d1955- |
| 600 | 1 | 1 | _aPeltier, Leonard. |
| 600 | 1 | 0 |
_aHill, Joe, _d1879-1915. |
| 600 | 1 | 1 |
_aSurratt, Mary E. _q(Mary Eugenia), _d1820-1865. |
| 600 | 1 | 1 |
_aWhittaker, Johnson Chesnut, _d1858-1931. |
| 650 | 0 |
_aFalse imprisonment _zUnited States _xJuvenile literature. |
|
| 650 | 0 |
_aJudicial error _zUnited States _xJuvenile literature. |
|
| 650 | 1 | _aFalse imprisonment. | |
| 650 | 1 | _aImprisonment. | |
| 650 | 1 | _aJudicial error. | |
| 650 | 1 | _aCriminal justice, Administration of. | |
| 906 |
_a7 _bcbc _ccopycat _d2 _encip _f19 _gy-gencatlg |
||
| 942 |
_2ddc _cBK _n0 |
||
| 999 |
_c2699 _d2699 |
||